[Event "Jm KP I 23-24 Hodonin-Kurim A"]
[Site "Sportklub Hodonin"]
[Date "2023.11.12"]
[Round "8.6"]
[White "Krena, Bohuslav"]
[Black "Vlcko, Tomas"]
[Result "1/2-1/2"]
[WhiteElo "1901"]
[BlackElo "1856"]
[PlyCount "23"]
[Source "Analyze This Ap"]

{255MB} 1. c4 1... Nf6 2. Nc3 c5 3. g3 Nc6 4. Bg2 g6 5. e3 Bg7 6. Nge2 d6 7. d4
O-O 8. O-O cxd4 9. exd4 Bg4 10. h3 Bf5 11. Kh2 h5 12. Bg5 1/2-1/2

[Event "Jm KP I 23-24 Hodonin-Kurim A"]
[Site "Sportklub Hodonin"]
[Date "2023.11.12"]
[Round "8.7"]
[White "Taptic, Filip"]
[Black "Horak, Bronislav"]
[Result "1-0"]
[WhiteElo "1842"]
[BlackElo "1890"]
[PlyCount "69"]
[Source "Analyze This Ap"]

{255MB} 1. e4 1... Nf6 2. Nc3 d5 3. e5 d4 4. exf6 dxc3 5. fxg7 cxd2+ 6. Bxd2
Bxg7 7. Qf3 Bxb2 8. Rd1 Qd4 9. Ne2 Qe5 10. Qb3 Bd4 11. f4 Qc5 12. Nxd4 Qxd4 13.
Be3 Qe4 14. Rd4 Qg6 15. Bd3 Qf6 16. O-O Nc6 17. Bb5 Rg8 18. Rfd1 Bh3 19. g3 Kf8
20. R4d2 h5 21. Qd5 h4 22. Bxc6 bxc6 23. Qh5 e6 24. Qc5+ Qe7 25. Qxc6 Kg7 26.
Rd7 Qe8 27. Bd4+ Kh6 28. Qxc7 Rc8 29. Qd6 Rxc2 30. f5 Bxf5 31. Qf4+ Kg6 32. Be3
Qf8 33. Qg5+ Kh7 34. Qh5+ Kg7 35. Bd4+ 1-0

[Event "Jm KP I 23-24 Hodonin-Kurim A"]
[Site "Sportklub Hodonin"]
[Date "2023.11.12"]
[Round "8.8"]
[White "Kriz, Tomas"]
[Black "Ling, Bronislav"]
[Result "1/2-1/2"]
[WhiteElo "1784"]
[BlackElo "1754"]
[PlyCount "40"]
[Source "Analyze This Ap"]

{255MB} 1. e4 1... e5 2. Nf3 Nc6 3. Bc4 Bc5 4. c3 Nf6 5. d3 d6 6. Nbd2 a6 7.
Bb3 Bg4 8. Nf1 Qd7 9. Ng3 h6 10. h3 Be6 11. Bc2 d5 12. O-O dxe4 13. Nxe4 Nxe4
14. dxe4 Qxd1 15. Bxd1 O-O 16. Re1 Rfd8 17. Bc2 Rd7 18. Be3 Bxe3 19. Rxe3 Rad8
20. Rf1 f6 1/2-1/2

[Event "Jm KP I 23-24 Rudice-Universita Brno B"]
[Site "?"]
[Date "2023.11.12"]
[Round "9.1"]
[White "Rada, Michal"]
[Black "Gajdos, Daniel"]
[Result "1/2-1/2"]
[WhiteElo "2094"]
[BlackElo "2089"]
[PlyCount "98"]
[EventDate "2023.10.22"]
[Source "Analyze This Ap"]

1. d4 Nf6 2. c4 g6 3. Nc3 d5 4. cxd5 Nxd5 5. e4 Nxc3 6. bxc3 Bg7 7. Bc4 O-O 8.
Ne2 c5 9. O-O Nc6 10. Be3 Bg4 11. f3 Na5 12. Bxf7+ Rxf7 13. fxg4 Rxf1+ 14. Kxf1
Qd6 15. Kg1 Qe6 16. Ng3 Qc4 17. Qe2 Qxc3 18. Rd1 Bxd4 19. Bxd4 cxd4 20. Qb5 Rd8
21. Rd3 a6 22. Qb6 Rd6 23. Qb1 Qc5 24. h4 Rb6 25. Qd1 Nc6 26. g5 Ne5 27. Rd2
d3+ 28. Kh2 Qe3 29. Qc1 Ng4+ 30. Kh3 Nf2+ 31. Kh2 Rc6 32. Qb2 Qf4 33. Rxf2
Qxh4+ 34. Kg1 Qxg3 35. Qb3+ e6 36. Qxb7 Rc1+ 37. Rf1 Qe3+ 38. Kh2 Rxf1 39. Qc8+
Rf8 40. Qxe6+ Rf7 41. Qc8+ Kg7 42. Qc3+ Kf8 43. Qc8+ Ke7 44. Qb7+ Kd8 45. Qb8+
Kd7 46. Qb7+ Kd6 47. Qd5+ Kc7 48. Qxf7+ Kb6 49. Qb3+ Kc7 1/2-1/2

[Event "Jm KP I 23-24 Rudice-Universita Brno B"]
[Site "?"]
[Date "2023.11.12"]
[Round "9.2"]
[White "Jelinek, Ota"]
[Black "Bohacek, Milan"]
[Result "1/2-1/2"]
[WhiteElo "2115"]
[BlackElo "2014"]
[PlyCount "57"]
[EventDate "2023.10.22"]
[Source "Analyze This Ap"]

1. g3 g6 2. Bg2 Bg7 3. e4 d6 4. f4 c5 5. Nf3 Nc6 6. Nc3 Nf6 7. d3 O-O 8. O-O
Rb8 9. a4 Bg4 10. h3 Bxf3 11. Qxf3 Nd4 12. Qf2 e6 13. g4 Nd7 14. f5 Ne5 15. Rb1
Nd7 16. h4 Kh8 17. Bg5 Bf6 18. Bxf6+ Nxf6 19. Bh3 gxf5 20. gxf5 e5 21. Kh2 Rg8
22. Rg1 Qe7 23. Rg5 h6 24. Rgg1 Rxg1 25. Rxg1 Rg8 26. Rxg8+ Kxg8 27. Nd1 Kh7
28. c3 Nc6 29. Ne3 1/2-1/2

[Event "Jm KP I 23-24 Rudice-Universita Brno B"]
[Site "?"]
[Date "2023.11.12"]
[Round "9.3"]
[White "Matzner, Radomil"]
[Black "Hladik, Josef"]
[Result "0-1"]
[WhiteElo "1756"]
[BlackElo "2014"]
[PlyCount "60"]
[EventDate "2023.10.22"]
[Source "Analyze This Ap"]

1. e4 c5 2. Nf3 g6 3. Bc4 Bg7 4. O-O Nc6 5. c3 e6 6. d3 Nge7 7. Be3 b6 8. Qd2
O-O 9. Bh6 Bb7 10. Bxg7 Kxg7 11. d4 cxd4 12. cxd4 d5 13. exd5 Nxd5 14. Nc3 Nxc3
15. Qxc3 Qf6 16. Rfe1 Rfd8 17. Rad1 Ne7 18. Rd3 Rac8 19. Qb3 Bxf3 20. Rxf3 Qxd4
21. Rd3 Qc5 22. Qc3+ Kg8 23. Rxd8+ Rxd8 24. Qf6 Rd2 25. h4 Nf5 26. Re2 Qxc4 27.
Rxd2 Qc1+ 28. Kh2 Qxd2 29. Qe5 Qd6 30. Qxd6 Nxd6 0-1

[Event "Jm KP I 23-24 Rudice-Universita Brno B"]
[Site "?"]
[Date "2023.11.12"]
[Round "9.4"]
[White "Uhmann, Jan"]
[Black "Hnilicka, Michal"]
[Result "0-1"]
[WhiteElo "1951"]
[BlackElo "1843"]
[PlyCount "64"]
[EventDate "2023.10.22"]
[Source "Analyze This Ap"]

1. e4 e5 2. Nf3 Nf6 3. d4 Nxe4 4. dxe5 Bc5 5. Be3 Bxe3 6. fxe3 d5 7. Nc3 Nxc3
8. bxc3 O-O 9. Qd4 Bf5 10. Rb1 b6 11. Bd3 c5 12. Qf4 Bxd3 13. cxd3 f6 14. O-O
Nc6 15. Qg3 Qe7 16. d4 Rae8 17. Rbd1 fxe5 18. dxe5 Nxe5 19. Rxd5 Nxf3+ 20. gxf3
Qxe3+ 21. Kh1 Qxc3 22. Rd7 Rf7 23. Rxf7 Kxf7 24. Qc7+ Re7 25. Qd8 Qe3 26. Qd5+
Qe6 27. Qh5+ Kg8 28. Rd1 Rd7 29. Rg1 Qf7 30. Qg4 g6 31. h4 Rd4 32. Qg3 Qf4 0-1

[Event "Jm KP I 23-24 Rudice-Universita Brno B"]
[Site "?"]
[Date "2023.11.12"]
[Round "9.5"]
[White "Saida, Jan"]
[Black "Riha, Otmar"]
[Result "1/2-1/2"]
[WhiteElo "1805"]
[BlackElo "1937"]
[PlyCount "83"]
[EventDate "2023.10.22"]
[Source "Analyze This Ap"]

1. e4 e5 2. Nf3 Nc6 3. Bb5 Nf6 4. O-O Nxe4 5. Re1 Nd6 6. Nxe5 Be7 7. Nxc6 dxc6
8. Be2 Be6 9. d3 Qd7 10. Nc3 O-O-O 11. Ne4 Nxe4 12. dxe4 Bf6 13. Qxd7+ Rxd7 14.
Bd3 Bd4 15. Be2 Rhd8 16. c3 Bb6 17. a4 a5 18. b4 Kb8 19. Kf1 axb4 20. a5 Bc5
21. Be3 Bxe3 22. fxe3 bxc3 23. Rac1 Rd2 24. Rxc3 Ra2 25. a6 Rdd2 26. axb7 Bg4
27. Bf3 Bxf3 28. gxf3 Rf2+ 29. Kg1 Rg2+ 30. Kh1 Rxh2+ 31. Kg1 Rhg2+ 32. Kh1
Kxb7 33. Rb3+ Kc8 34. Reb1 Rgf2 35. f4 Rae2 36. Kg1 Rf3 37. Rb8+ Kd7 38. Rd1+
Ke7 39. Rc8 Rfxe3 40. Rxc7+ Ke6 41. Rxc6+ Ke7 42. Rc7+ 1/2-1/2

[Event "Jm KP I 23-24 Rudice-Universita Brno B"]
[Site "?"]
[Date "2023.11.12"]
[Round "9.6"]
[White "Sebek, Jan"]
[Black "Matuska, Jan"]
[Result "1-0"]
[WhiteElo "1864"]
[BlackElo "1833"]
[PlyCount "53"]
[EventDate "2023.10.22"]
[Source "Analyze This Ap"]

1. e4 e5 2. Nf3 Nc6 3. Bb5 a6 4. Ba4 Nf6 5. O-O Be7 6. Re1 b5 7. Bb3 O-O 8. c3
d5 9. d4 exd4 10. e5 Ne4 11. cxd4 Na5 12. Bc2 Bb7 13. Nc3 c5 14. Nxe4 dxe4 15.
Bxe4 Bxe4 16. Rxe4 Qd5 17. Rg4 Rfd8 18. Bh6 g6 19. Bg5 Bxg5 20. Nxg5 cxd4 21.
f4 d3 22. Rh4 h5 23. Rxh5 gxh5 24. Qxh5 Qd4+ 25. Kh1 Qxf4 26. e6 Ra7 27. e7 1-0

[Event "Jm KP I 23-24 Rudice-Universita Brno B"]
[Site "?"]
[Date "2023.11.12"]
[Round "9.7"]
[White "Toulec, Richard"]
[Black "Borovsky, Adam"]
[Result "0-1"]
[WhiteElo "1703"]
[BlackElo "1892"]
[PlyCount "94"]
[EventDate "2023.10.22"]
[Source "Analyze This Ap"]

1. d4 d5 2. Nf3 Bf5 3. Bf4 e6 4. e3 Bd6 5. Bxd6 Qxd6 6. Nc3 a6 7. Be2 c5 8.
dxc5 Qxc5 9. O-O Ne7 10. h3 O-O 11. Nh4 Nbc6 12. Nxf5 Nxf5 13. a3 Rfd8 14. Bd3
Nfe7 15. Qh5 g6 16. Qg5 Kg7 17. Ne2 h6 18. Qg3 e5 19. b4 Qd6 20. e4 dxe4 21.
Bxe4 f5 22. Bd3 e4 23. Qxd6 Rxd6 24. Bc4 Rd2 25. Rac1 b5 26. Bb3 Rxe2 27. Rfd1
f4 28. Rd7 e3 29. Bd5 Kf8 30. Rxe7 Kxe7 31. Bxc6 Rc8 32. Bb7 Rcxc2 33. Rxc2
Rxc2 34. fxe3 fxe3 35. Kf1 Rf2+ 36. Ke1 Rf6 37. Ke2 Rd6 38. Kxe3 Kf6 39. Ke2
Ke5 40. Ke3 g5 41. Bf3 Rd7 42. Bg4 Rc7 43. Kd2 Kd4 44. Bd1 Rc3 45. a4 Rg3 46.
Bf3 Rxf3 47. gxf3 bxa4 0-1

[Event "Jm KP I 23-24 Rudice-Universita Brno B"]
[Site "?"]
[Date "2023.11.12"]
[Round "9.8"]
[White "Zerdaloglu, Vasilis"]
[Black "Klinkovsky, Jiri"]
[Result "1/2-1/2"]
[WhiteElo "1659"]
[BlackElo "1646"]
[PlyCount "92"]
[EventDate "2023.10.22"]
[Source "Analyze This Ap"]

1. e4 e5 2. Nf3 Nc6 3. Bc4 Bc5 4. O-O Qe7 5. Nc3 Nf6 6. d3 h6 7. Nd5 Nxd5 8.
Bxd5 d6 9. c3 Bg4 10. b4 Bb6 11. a4 a6 12. Be3 O-O 13. h3 Be6 14. Qb3 Bxe3 15.
fxe3 Nd8 16. b5 Bxd5 17. Qxd5 Qe6 18. Nh4 Qxd5 19. exd5 g6 20. c4 Kg7 21. e4 b6
22. a5 bxa5 23. Rxa5 Nb7 24. Rxa6 Rxa6 25. bxa6 Nc5 26. a7 Ra8 27. Ra1 Nxd3 28.
Nf3 Nc5 29. Nd2 Nd7 30. Nb3 Nb6 31. c5 Nc8 32. cxd6 Nxd6 33. Nc5 Nc8 34. Nd7
Rxa7 35. Rxa7 Nxa7 36. Nxe5 f6 37. Nd3 Nb5 38. Kf2 Kf7 39. Ke3 Ke7 40. g4 Kd6
41. Nf4 g5 42. Nd3 Na7 43. Kd4 Nb5+ 44. Kc4 Na3+ 45. Kb3 Nb1 46. Kc2 Na3+
1/2-1/2

[Event "Jm KP I 23-24 Letovice-Lipovec"]
[Site "?"]
[Date "2023.11.12"]
[Round "10.1"]
[White "Dobes, Dusan"]
[Black "Pernicova, Tana"]
[Result "0-1"]
[WhiteElo "2066"]
[BlackElo "2024"]
[PlyCount "80"]
[EventDate "2023.??.??"]
[Source "Analyze This Ap"]

1. d4 e6 2. e4 d5 3. Nc3 c6 4. Nf3 Bb4 5. e5 Ne7 6. a3 Bxc3+ 7. bxc3 c5 8. h4
Nbc6 9. h5 h6 10. Rh4 Nf5 11. Rg4 Qa5 12. Bd2 c4 13. a4 Bd7 14. Qb1 O-O-O 15.
Qb2 Be8 16. Nh4 Nxh4 17. Rxh4 Ne7 18. Qb4 Qc7 19. a5 Rd7 20. Be2 Kb8 21. Bg4
Qd8 22. Rh1 Nc6 23. Qa3 Qe7 24. Bc1 Qd8 25. Ke2 a6 26. Qc5 Na7 27. Ba3 Nb5 28.
Qb4 Qg5 29. f3 Qd8 30. Qb2 Rc7 31. Bc5 Rc6 32. Bb4 f5 33. exf6 Qxf6 34. Rae1
Bf7 35. Kf2 Re8 36. Re5 Rcc8 37. Qc1 Na7 38. Bd6+ Ka8 39. Ree1 Qd8 40. Qa3 Nb5
0-1

[Event "Jm KP I 23-24 Letovice-Lipovec"]
[Site "?"]
[Date "2023.11.12"]
[Round "10.2"]
[White "Pokladnik, Martin"]
[Black "Sevcik, Leos"]
[Result "1/2-1/2"]
[WhiteElo "1983"]
[BlackElo "1965"]
[PlyCount "89"]
[EventDate "2023.??.??"]
[Source "Analyze This Ap"]

1. e4 d5 2. exd5 Qxd5 3. Nc3 Qa5 4. d4 e6 5. Bd2 c6 6. Bc4 Qc7 7. Qf3 Nf6 8.
O-O-O Nbd7 9. Re1 Nb6 10. Bb3 Bd7 11. Nh3 h6 12. Nf4 O-O-O 13. Nh5 Nxh5 14.
Qxh5 Be8 15. Ne4 Nd5 16. Qe5 Qxe5 17. dxe5 c5 18. c4 Nc7 19. Be3 b6 20. f3 Bc6
21. Ng3 g6 22. Re2 Bg7 23. f4 Rd7 24. Rd1 Rhd8 25. Rxd7 Rxd7 26. Bc2 Bf8 27.
Be4 Kb7 28. Kc2 Na6 29. Bxc6+ Kxc6 30. a3 Be7 31. Ne4 Nc7 32. g4 Ne8 33. Bf2
Rd8 34. h4 Ng7 35. Re1 h5 36. g5 Nf5 37. Rd1 Rxd1 38. Kxd1 Ng7 39. Kc2 Nf5 40.
Kc3 a5 41. Nd2 Kc7 42. Nf3 Kc6 43. Ne1 Bf8 44. Nc2 Be7 45. Kb3 1/2-1/2

[Event "Jm KP I 23-24 Letovice-Lipovec"]
[Site "?"]
[Date "2023.11.12"]
[Round "10.3"]
[White "Moc, Roman"]
[Black "Krejci, Petr"]
[Result "1/2-1/2"]
[WhiteElo "1913"]
[BlackElo "1799"]
[PlyCount "30"]
[EventDate "2023.??.??"]
[Source "Analyze This Ap"]

1. d4 Nf6 2. c4 g6 3. Nc3 Bg7 4. Nf3 d5 5. e3 O-O 6. Be2 c6 7. O-O Nbd7 8. b3
Re8 9. Bb2 dxc4 10. Bxc4 Nb6 11. Be2 Bf5 12. Ne5 Nfd7 13. Nxd7 Qxd7 14. Bf3 e5
15. dxe5 Bxe5 1/2-1/2

[Event "Jm KP I 23-24 Letovice-Lipovec"]
[Site "?"]
[Date "2023.11.12"]
[Round "10.4"]
[White "Sekanina, Jiri"]
[Black "Pucalka, Vojtech"]
[Result "1/2-1/2"]
[WhiteElo "1949"]
[BlackElo "1896"]
[PlyCount "52"]
[EventDate "2023.??.??"]
[Source "Analyze This Ap"]

1. e4 c6 2. d4 d5 3. Nc3 dxe4 4. Nxe4 Nd7 5. Nf3 Ngf6 6. Nxf6+ Nxf6 7. Bd3 e6
8. O-O c5 9. c3 Qb6 10. Qe2 Bd7 11. dxc5 Bxc5 12. Ne5 Rd8 13. Bg5 a6 14. Nxd7
Rxd7 15. Rad1 Be7 16. Bb1 h6 17. Rxd7 Nxd7 18. Bf4 Bd6 19. Bxd6 Qxd6 20. Rd1
Qc7 21. c4 Ke7 22. b4 Rd8 23. Be4 Nf6 24. Rxd8 Kxd8 25. Qd3+ Kc8 26. g3 Nxe4
1/2-1/2

[Event "Jm KP I 23-24 Letovice-Lipovec"]
[Site "?"]
[Date "2023.11.12"]
[Round "10.5"]
[White "Jacko, Tomas"]
[Black "Mraz, Pavel"]
[Result "0-1"]
[WhiteElo "2069"]
[BlackElo "1887"]
[PlyCount "48"]
[EventDate "2023.??.??"]
[Source "Analyze This Ap"]

1. d4 Nf6 2. Bf4 e6 3. Nf3 b6 4. e3 Be7 5. h3 O-O 6. Bd3 Bb7 7. Nbd2 d5 8. c3
Nbd7 9. Qe2 c5 10. g4 Ne4 11. g5 Nxg5 12. Nxg5 Bxg5 13. Bxg5 Qxg5 14. O-O-O e5
15. f4 exf4 16. Rhg1 Qh6 17. exf4 cxd4 18. cxd4 Rae8 19. Qf3 f5 20. Rg5 g6 21.
Rdg1 Kh8 22. h4 Nf6 23. h5 Nxh5 24. Rh1 Re4 0-1

[Event "Jm KP I 23-24 Letovice-Lipovec"]
[Site "?"]
[Date "2023.11.12"]
[Round "10.6"]
[White "Sevcik, Milos"]
[Black "Marek, Jiri"]
[Result "1-0"]
[WhiteElo "1907"]
[BlackElo "1891"]
[PlyCount "89"]
[EventDate "2023.??.??"]
[Source "Analyze This Ap"]

1. Nf3 d5 2. d4 Nf6 3. Bf4 c6 4. e3 Qb6 5. Qc1 e6 6. Bd3 Nbd7 7. O-O Be7 8. h3
O-O 9. c4 dxc4 10. Bxc4 Nd5 11. Bh2 a5 12. Nc3 N7f6 13. Re1 Nxc3 14. bxc3 c5
15. Rb1 Qd8 16. Rd1 Bd6 17. Be5 Qc7 18. Qb2 Bxe5 19. Nxe5 cxd4 20. cxd4 Nd5 21.
Bxd5 exd5 22. Rdc1 Qe7 23. Rc5 f6 24. Nf3 Rd8 25. Rbc1 Qe4 26. Kh2 h5 27. Qb6
Re8 28. Qd6 Be6 29. Rc7 b5 30. Rb7 Bxh3 31. Kxh3 Rad8 32. Qf4 Qxf4 33. exf4 Rb8
34. Rcc7 Rxb7 35. Rxb7 b4 36. Ra7 Re2 37. Rxa5 Rxf2 38. Rxd5 Rxa2 39. Rb5 Rb2
40. Rxh5 g6 41. Rb5 Kf7 42. Rb6 Ke7 43. d5 Rb1 44. Nd4 g5 45. fxg5 1-0

[Event "Jm KP I 23-24 Letovice-Lipovec"]
[Site "?"]
[Date "2023.11.12"]
[Round "10.7"]
[White "Mizak, Jan"]
[Black "Hlousek, Zdenek"]
[Result "1/2-1/2"]
[WhiteElo "1841"]
[BlackElo "1873"]
[PlyCount "32"]
[EventDate "2023.??.??"]
[Source "Analyze This Ap"]

1. d4 g6 2. Bf4 Bg7 3. c3 Nf6 4. h3 d6 5. e3 O-O 6. Bb5 c6 7. Bc4 Qb6 8. Qb3
Bf5 9. Nd2 d5 10. Be2 Nbd7 11. Ngf3 Ne4 12. O-O Ndf6 13. Rfd1 Nxd2 14. Nxd2 Ne4
15. Nxe4 Bxe4 16. Rdc1 Bf5 1/2-1/2

[Event "Jm KP I 23-24 Letovice-Lipovec"]
[Site "?"]
[Date "2023.11.12"]
[Round "10.8"]
[White "Sevcik, Milan"]
[Black "Kulhavy, Frantisek"]
[Result "0-1"]
[WhiteElo "1866"]
[BlackElo "1815"]
[PlyCount "76"]
[EventDate "2023.??.??"]
[Source "Analyze This Ap"]

1. e4 c5 2. Bc4 e6 3. Nc3 a6 4. a4 Nc6 5. Nf3 Qc7 6. Ba2 Nf6 7. O-O Be7 8. h3
O-O 9. d4 cxd4 10. Nxd4 Nxd4 11. Qxd4 d6 12. Be3 Bd7 13. Qb6 Qc6 14. f3 Bd8 15.
Qxc6 Bxc6 16. Rfd1 Bc7 17. b4 Rfd8 18. b5 axb5 19. axb5 Be8 20. b6 Bb8 21. Bb3
Rxa1 22. Rxa1 Kf8 23. Bg5 h6 24. Bxf6 gxf6 25. Ba4 Bc6 26. Bxc6 bxc6 27. Ra8 d5
28. Na4 Bh2+ 29. Kxh2 Rxa8 30. b7 Rb8 31. Nc5 Ke7 32. exd5 exd5 33. Nb3 Rxb7
34. Nd4 c5 35. Nf5+ Ke6 36. Nxh6 d4 37. Ng4 c4 38. Nf2 Rb2 0-1

[Event "Jm KP I. 23-24 Duras B-Veseli"]
[Site "?"]
[Date "2023.11.12"]
[Round "11.2"]
[White "Symersky, Petr"]
[Black "Novy, Martin"]
[Result "1/2-1/2"]
[WhiteElo "2096"]
[BlackElo "2074"]
[PlyCount "102"]
[EventDate "2022.02.06"]
[Source "Analyze This Ap"]

1. d4 Nf6 2. Nf3 d6 3. g3 Nbd7 4. Bg2 c6 5. c4 e5 6. Nc3 Be7 7. O-O O-O 8. e4
Qc7 9. h3 a6 10. a4 a5 11. Qc2 exd4 12. Nxd4 Nc5 13. Be3 Re8 14. Rfe1 Bd7 15.
Rad1 Rad8 16. Nb3 Na6 17. f4 Bc8 18. Qf2 Nd7 19. Re2 Nac5 20. Nxc5 Nxc5 21.
Bxc5 dxc5 22. Red2 Be6 23. b3 f6 24. Qe3 Rxd2 25. Rxd2 Rd8 26. Ne2 Kf8 27. Nc1
Ke8 28. Kh2 Qb6 29. Rxd8+ Qxd8 30. Ne2 Qd1 31. Ng1 Qd4 32. Qf3 Kf8 33. Ne2 Qd1
34. Qe3 Bd7 35. e5 Kf7 36. g4 g6 37. Ng3 Qd4 38. Qxd4 cxd4 39. exf6 Bxf6 40.
Be4 Be7 41. Ne2 Bf6 42. Kg3 b5 43. axb5 cxb5 44. cxb5 Bxb5 45. Nc1 Bd7 46. h4
Be7 47. Nd3 Be6 48. Ne5+ Kg7 49. Nc6 Bc5 50. Nxa5 Bb6 51. Nc4 Bc5 1/2-1/2

[Event "Jm KP I. 23-24 Duras B-Veseli"]
[Site "?"]
[Date "2023.11.12"]
[Round "11.3"]
[White "Kredl, Karel"]
[Black "Skalka, Jan"]
[Result "1-0"]
[WhiteElo "2074"]
[BlackElo "1971"]
[PlyCount "71"]
[EventDate "2022.02.06"]
[Source "Analyze This Ap"]

1. d4 Nf6 2. c4 g6 3. Nc3 d5 4. cxd5 Nxd5 5. e4 Nxc3 6. bxc3 Bg7 7. Nf3 O-O 8.
h3 c5 9. Be2 cxd4 10. cxd4 Nc6 11. Be3 Qa5+ 12. Bd2 Qa3 13. d5 Nd4 14. Nxd4
Bxd4 15. Rb1 Qxa2 16. O-O a5 17. Bh6 Bg7 18. Bxg7 Kxg7 19. Qd4+ Kg8 20. Bb5 Rd8
21. Ra1 Qb3 22. Rfb1 Qc2 23. Bc4 e5 24. Qb6 Bd7 25. Rc1 Qxe4 26. Rxa5 Rac8 27.
Raa1 Qf4 28. Bf1 Qd4 29. Qxb7 Rb8 30. Qc7 Qxd5 31. Rd1 Qe6 32. Ra6 Qe8 33. Rad6
Rbc8 34. Qa5 Ra8 35. Qd2 Ra7 36. Bb5 1-0

[Event "Jm KP I. 23-24 Duras B-Veseli"]
[Site "?"]
[Date "2023.11.12"]
[Round "11.4"]
[White "Vrtal, Jaroslav"]
[Black "Fencl, Vaclav"]
[Result "1-0"]
[WhiteElo "1951"]
[BlackElo "1864"]
[PlyCount "107"]
[EventDate "2022.02.06"]
[Source "Analyze This Ap"]

1. d4 Nf6 2. Nf3 g6 3. g3 Bg7 4. Bg2 O-O 5. O-O d6 6. c4 Nbd7 7. Nc3 e5 8. e4
c6 9. h3 a6 10. a4 Re8 11. Be3 exd4 12. Nxd4 Nc5 13. f3 Nfd7 14. b4 Ne6 15.
Nde2 Nb6 16. Qb3 d5 17. cxd5 cxd5 18. exd5 Ng5 19. Bxg5 Qxg5 20. f4 Qh5 21. g4
Qh4 22. a5 Nd7 23. Rad1 Re3 24. Qc2 Nf6 25. Rd3 Rxd3 26. Qxd3 h5 27. g5 Bf5 28.
Qg3 Qxg3 29. Nxg3 Nd7 30. Nge4 Bd4+ 31. Kh2 Bxe4 32. Nxe4 b6 33. Kg3 bxa5 34.
bxa5 Rb8 35. Rd1 Rb3+ 36. Bf3 Be3 37. d6 Kf8 38. Nf6 Nxf6 39. gxf6 Ke8 40. d7+
Kd8 41. Bd5 Ra3 42. Bxf7 Bd4+ 43. Kg2 Bxf6 44. Bxg6 Rxa5 45. Kf3 Ra4 46. Bf5
Rc4 47. Be6 Rc5 48. f5 Rc3+ 49. Ke4 Rxh3 50. Rd6 Kc7 51. Rxa6 Rc3 52. Ra8 Rc4+
53. Ke3 Rd4 54. Rc8+ 1-0

[Event "Jm KP I. 23-24 Duras B-Veseli"]
[Site "?"]
[Date "2023.11.12"]
[Round "11.5"]
[White "Tuma, Miroslav"]
[Black "Krizek, Frantisek"]
[Result "1/2-1/2"]
[WhiteElo "1833"]
[BlackElo "1951"]
[PlyCount "29"]
[EventDate "2022.02.06"]
[Source "Analyze This Ap"]

1. e4 c6 2. d4 d5 3. exd5 cxd5 4. c3 Nf6 5. Bf4 Nc6 6. Nf3 Nh5 7. Be3 g6 8. Ne5
Bg7 9. Bb5 Bd7 10. Nxd7 Qxd7 11. O-O a6 12. Be2 Nf6 13. Bf4 O-O 14. Nd2 Qf5 15.
Be3 1/2-1/2

[Event "Jm KP I. 23-24 Duras B-Veseli"]
[Site "?"]
[Date "2023.11.12"]
[Round "11.6"]
[White "Pistek, Jan"]
[Black "Chmelicek, Bronislav"]
[Result "1-0"]
[WhiteElo "1855"]
[BlackElo "1869"]
[PlyCount "63"]
[EventDate "2022.02.06"]
[Source "Analyze This Ap"]

1. e4 c6 2. d4 d5 3. exd5 cxd5 4. Bd3 Nf6 5. Nf3 Bg4 6. O-O Nc6 7. c3 e6 8. Re1
Be7 9. Bf4 O-O 10. Nbd2 a6 11. Rc1 Bh5 12. Qb3 Qc8 13. Ne5 Nxe5 14. Bxe5 Bg6
15. Bf1 Ne4 16. Nxe4 Bxe4 17. f3 Bg6 18. g4 b5 19. Bg3 Qb7 20. a3 Rfd8 21. Re3
Bd6 22. Bxd6 Rxd6 23. Rce1 Rb6 24. Bg2 h5 25. h3 hxg4 26. hxg4 a5 27. f4 b4 28.
axb4 axb4 29. c4 Rd6 30. f5 Bh7 31. Bxd5 Qb6 32. c5 1-0

[Event "Jm KP I. 23-24 Duras B-Veseli"]
[Site "?"]
[Date "2023.11.12"]
[Round "11.8"]
[White "Vicar, Lubomir"]
[Black "Hyrs, Martin"]
[Result "1/2-1/2"]
[WhiteElo "1782"]
[BlackElo "1849"]
[PlyCount "44"]
[EventDate "2022.02.06"]
[Source "Analyze This Ap"]

1. d4 Nf6 2. Nf3 e6 3. Bf4 d5 4. e3 a6 5. c4 dxc4 6. Bxc4 c5 7. Nc3 Nc6 8. O-O
b5 9. Be2 cxd4 10. Nxd4 Nxd4 11. Qxd4 Qxd4 12. exd4 Bb7 13. Rfd1 Be7 14. Rac1
O-O 15. a3 Rac8 16. Rc2 Rfd8 17. Rcd2 Bxa3 18. Nxb5 Bb4 19. Nc3 Bxc3 20. bxc3
Rxc3 21. Ra2 Nd5 22. Bd2 Rc6 1/2-1/2

[Event "Jm KP I 23-24 Loko Brno B - Jundrov C"]
[Site "?"]
[Date "2023.11.12"]
[Round "12.1"]
[White "Buchta, Vaclav"]
[Black "Masak, Pavel"]
[Result "1/2-1/2"]
[WhiteElo "1923"]
[BlackElo "2076"]
[PlyCount "35"]
[Source "Analyze This Ap"]

1. d4 Nf6 2. c4 $10 2... e6 3. Nc3 Bb4 4. Qb3 Qe7 5. a3 Bxc3+ 6. Qxc3 d6 7. Nf3
Nbd7 8. Bg5 h6 9. Bh4 b6 10. e3 Bb7 11. Be2 O-O 12. O-O Rfe8 13. Rac1 c5 14.
Rfd1 g5 15. Bg3 Ne4 16. Qc2 Nxg3 17. hxg3 Rad8 18. Nd2 $10 1/2-1/2

[Event "Jm KP I 23-24 Loko Brno B - Jundrov C"]
[Site "?"]
[Date "2023.11.12"]
[Round "12.2"]
[White "Ruzicka, Frantisek"]
[Black "Pribyl, Rene"]
[Result "1-0"]
[WhiteElo "2029"]
[BlackElo "1864"]
[PlyCount "65"]
[Source "Analyze This Ap"]

1. e4 e5 2. Nf3 Nf6 3. Nc3 Nc6 4. Bb5 d6 5. d4 exd4 6. Nxd4 Bd7 7. O-O Be7 8.
Bxc6 bxc6 9. Bg5 O-O 10. Qd3 Ng4 11. Bxe7 Qxe7 12. f4 c5 13. Nd5 Qd8 14. Nf3
Nf6 15. Nc3 Rb8 16. e5 Ne8 17. b3 g6 18. Rad1 Kg7 19. Ne4 Bf5 20. Rfe1 f6 21.
Qd5 fxe5 22. fxe5 Bxe4 23. Rxe4 Qd7 24. Qxc5 Qf5 25. Qe3 dxe5 26. Rxe5 Qxc2 27.
Re7+ Kh8 28. Rdd7 Nf6 29. Qd4 Qc1+ 30. Kf2 Qh6 31. Rf7 Rb6 32. Rxf8+ Qxf8 33.
Rd8 1-0

[Event "Jm KP I 23-24 Loko Brno B - Jundrov C"]
[Site "?"]
[Date "2023.11.12"]
[Round "12.3"]
[White "Sladek, Vladislav"]
[Black "Ruzicka, Martin"]
[Result "1/2-1/2"]
[WhiteElo "1922"]
[BlackElo "1931"]
[PlyCount "86"]
[Source "Analyze This Ap"]

1. e4 c6 2. d4 d5 3. exd5 cxd5 4. c3 Nc6 5. Nf3 Bg4 6. Qb3 Qd7 7. Ne5 Nxe5 8.
dxe5 a6 9. Be3 e6 10. Bd3 Ne7 11. O-O Nc6 12. f4 Be7 13. Nd2 O-O 14. Nf3 Rfd8
15. Nd4 Bc5 16. Qc2 g6 17. h3 Bxd4 18. Bxd4 Nxd4 19. cxd4 Rac8 20. Qf2 Bf5 21.
Bxf5 exf5 22. Rac1 Rc6 23. Rc3 Rxc3 24. bxc3 Rc8 25. Qf3 Rc4 26. Rb1 Qc6 27.
Rb3 b5 28. Kh2 a5 29. Qf2 Rxc3 30. Rxc3 Qxc3 31. Qh4 Qc7 32. Qf6 b4 33. Qa6 Qd8
34. Qa7 h6 35. Qa6 Qh4 36. Qa8+ Kg7 37. g3 Qh5 38. Qxd5 Qe2+ 39. Kg1 a4 40. Qd6
Qb5 41. Qf6+ Kg8 42. Qd8+ Kh7 43. e6 Qe2 1/2-1/2

[Event "Jm KP I 23-24 Loko Brno B - Jundrov C"]
[Site "?"]
[Date "2023.11.12"]
[Round "12.4"]
[White "Sipek, Oldrich"]
[Black "Vesely, Jaromir"]
[Result "0-1"]
[WhiteElo "1914"]
[BlackElo "1902"]
[PlyCount "50"]
[Source "Analyze This Ap"]

1. e4 e6 2. d4 d5 3. exd5 exd5 4. Nf3 f5 5. Ne5 Nf6 6. Be2 Bd6 7. O-O O-O 8. c4
c6 9. Nc3 Be6 10. f4 Nbd7 11. a3 Rc8 12. b4 Ne4 13. Rf3 Bxe5 14. dxe5 dxc4 15.
Qd4 c5 16. Qe3 cxb4 17. axb4 Qb6 18. Nxe4 fxe4 19. Qxb6 Nxb6 20. Rf1 a6 21. Ra5
Nd5 22. f5 Nc3 23. Bg4 h5 24. Bxh5 Rxf5 25. Bg6 Ne2+ 0-1

[Event "Jm KP I 23-24 Loko Brno B - Jundrov C"]
[Site "?"]
[Date "2023.11.12"]
[Round "12.5"]
[White "Marsa, Alexandr"]
[Black "Sipek, Michal"]
[Result "1/2-1/2"]
[WhiteElo "1905"]
[BlackElo "1885"]
[PlyCount "70"]
[Source "Analyze This Ap"]

1. d4 d6 2. e4 g6 3. Bc4 Nf6 4. Nc3 Bg7 5. Bb3 c6 6. a4 a5 7. Nf3 O-O 8. h3 Na6
9. Bg5 h6 10. Be3 Nb4 11. Qd2 Kh7 12. O-O d5 13. e5 Ne4 14. Nxe4 dxe4 15. Ne1
Nd5 16. c3 Be6 17. c4 Nxe3 18. Qxe3 Qb6 19. Ra3 Rad8 20. Nc2 h5 21. Qxe4 Bf5
22. Qe2 Bxc2 23. Bxc2 Qxd4 24. e6 f5 25. Rb3 Qf4 26. g3 Qc7 27. g4 Qf4 28. gxf5
Rd2 29. Qe4 Qxe4 30. Bxe4 gxf5 31. Bf3 Kh6 32. Rxb7 Bf6 33. Bxc6 Rg8+ 34. Bg2
Rc2 35. Rb5 f4 1/2-1/2